Cities with 4 Million Inhabitants - Statistics

General Stats
  • This quiz has been taken 125 times
  • The average score is 75 of 109
Answer Stats
Country City % Correct
China Beijing
96%
Egypt Cairo
96%
UK London
96%
Germany Berlin
95%
Argentina Buenos Aires
95%
USA Chicago
95%
Turkey Istanbul
95%
Mexico Mexico City
95%
USA New York
95%
Japan Tokyo
95%
USA Los Angeles
94%
Brazil Rio de Janeiro
94%
Australia Sydney
94%
Spain Madrid
93%
Russia Moscow
93%
Spain Barcelona
92%
Colombia Bogotá
92%
France Paris
92%
Thailand Bangkok
90%
Indonesia Jakarta
90%
India Mumbai
90%
Sth Korea Seoul
90%
USA Boston
88%
USA Houston
88%
USA San Francisco
88%
Brazil São Paulo
88%
Iraq Baghdad
87%
Italy Milan
87%
South Africa Johannesburg
86%
Philippines Manila
86%
Singapore Singapore
86%
Russia St Petersburg
86%
Turkey Ankara
85%
USA Dallas
85%
India Delhi
85%
Vietnam Ho Chi Minh City
85%
Australia Melbourne
83%
Chile Santiago
83%
Canada Toronto
83%
Nigeria Lagos
82%
Peru Lima
82%
USA Miami
82%
Japan Osaka
82%
USA Philadelphia
82%
Taiwan Taipei
82%
Egypt Alexandria
81%
China Shanghai
81%
Morocco Casablanca
80%
Vietnam Hanoi
80%
Malaysia Kuala Lumpur
80%
Italy Naples
80%
Iran Tehran
80%
Bangladesh Dhaka
79%
Saudi Arabia Riyadh
79%
Congo (DR) Kinshasa
77%
Kenya Nairobi
77%
Pakistan Karachi
76%
Ghana Accra
75%
China Guangzhou
75%
USA Atlanta
74%
Sri Lanka Colombo
73%
Mexico Guadalajara
73%
China Hong Kong
73%
USA Seattle
73%
USA Washington
73%
Sudan Khartoum
70%
USA Detroit
69%
India Kolkata
69%
India Bangalore
68%
India Chennai
65%
USA Phoenix
65%
South Korea Busan
63%
Pakistan Lahore
62%
Angola Luanda
62%
India Hyderabad
61%
Saudi Arabia Jeddah
61%
Côte d'Ivoire Abidjan
60%
Brazil Belo Horizonte
58%
Tanzania Dar es Salaam
56%
Japan Nagoya
56%
Burma Yangon
55%
China Tianjin
54%
China Xian
52%
India Ahmedabad
50%
China Chengdu
49%
China Shenzhen
49%
Mexico Monterrey
48%
Brazil Porto Alegre
48%
China Wuhan
46%
China Nanjing
45%
Bangladesh Chittagong
43%
India Pune
40%
China Chongqing
38%
China Harbin
35%
China Hangzhou
32%
China Xiamen
32%
Indonesia Surabaya
31%
Indonesia Bandung
29%
China Shenyang
29%
China Qingdao
24%
China Zhengzhou
24%
India Surat
21%
China Hefei
19%
China Changsha
18%
China Shantou
18%
China Dalian
17%
China Taiyuan
13%
China Wenzhou
13%
China Quanzhou
1%
No matching quizzes found
Score Distribution
Percent of People with Each Score
Percentile by Number Answered
Your Score History
You have not taken this quiz